<?xml version="1.0" encoding="UTF-8"?>
<record
    xmlns:xsi="http://www.w3.org/2001/XMLSchema-instance"
    xsi:schemaLocation="http://www.loc.gov/MARC21/slim http://www.loc.gov/standards/marcxml/schema/MARC21slim.xsd"
    xmlns="http://www.loc.gov/MARC21/slim">

  <leader>01142nam a2200337 a 4500</leader>
  <controlfield tag="001">1486883</controlfield>
  <controlfield tag="003">CO-ViMGA</controlfield>
  <controlfield tag="005">20230915233609.0</controlfield>
  <controlfield tag="008">180122s2017    ck     gr     0001j spa d</controlfield>
  <datafield tag="020" ind1=" " ind2=" ">
    <subfield code="a">9789583049095</subfield>
  </datafield>
  <datafield tag="040" ind1=" " ind2=" ">
    <subfield code="a">CO-ViMGA</subfield>
    <subfield code="b">spa</subfield>
    <subfield code="c">CO-ViMGA</subfield>
  </datafield>
  <datafield tag="041" ind1="1" ind2=" ">
    <subfield code="h">eng</subfield>
  </datafield>
  <datafield tag="043" ind1=" " ind2=" ">
    <subfield code="a">n-us---</subfield>
  </datafield>
  <datafield tag="082" ind1="0" ind2="4">
    <subfield code="a">813.4 </subfield>
    <subfield code="b">O43r </subfield>
    <subfield code="2">21</subfield>
  </datafield>
  <datafield tag="100" ind1="1" ind2=" ">
    <subfield code="a">O'Henry, </subfield>
    <subfield code="d">1862-1910.</subfield>
    <subfield code="9">311</subfield>
  </datafield>
  <datafield tag="245" ind1="1" ind2="0">
    <subfield code="a">Relatos inesperados / </subfield>
    <subfield code="c">O'Henry ; selecci&#xF3;n, traducci&#xF3;n y prologo Felipe Escobar.</subfield>
  </datafield>
  <datafield tag="250" ind1=" " ind2=" ">
    <subfield code="a">Edici&#xF3;n Cesar Alberto Cardozo Tovar.</subfield>
  </datafield>
  <datafield tag="260" ind1=" " ind2=" ">
    <subfield code="a">Bogot :&#x300; </subfield>
    <subfield code="b">Panamericana Editorial, </subfield>
    <subfield code="c">2017.</subfield>
  </datafield>
  <datafield tag="300" ind1=" " ind2=" ">
    <subfield code="a">222 pg&#x300;inas ; </subfield>
    <subfield code="c">21 cm.</subfield>
  </datafield>
  <datafield tag="490" ind1=" " ind2=" ">
    <subfield code="a">Literatura. Relatos</subfield>
  </datafield>
  <datafield tag="534" ind1=" " ind2=" ">
    <subfield code="p">Tt&#x315;ulo original : </subfield>
    <subfield code="t">The voice of the city.</subfield>
  </datafield>
  <datafield tag="650" ind1="1" ind2="4">
    <subfield code="a">Amistad</subfield>
    <subfield code="v"> Cuentos.</subfield>
    <subfield code="9">315</subfield>
  </datafield>
  <datafield tag="650" ind1="1" ind2="4">
    <subfield code="a">Brujas</subfield>
    <subfield code="v"> Cuentos.</subfield>
    <subfield code="9">314</subfield>
  </datafield>
  <datafield tag="650" ind1="1" ind2="4">
    <subfield code="a">Cuentos estadounidenses.</subfield>
    <subfield code="9">298</subfield>
  </datafield>
  <datafield tag="650" ind1="1" ind2="4">
    <subfield code="a">Oro</subfield>
    <subfield code="v"> Cuentos.</subfield>
    <subfield code="9">312</subfield>
  </datafield>
  <datafield tag="650" ind1="1" ind2="4">
    <subfield code="a">Perros</subfield>
    <subfield code="v"> Cuentos.</subfield>
    <subfield code="9">313</subfield>
  </datafield>
  <datafield tag="651" ind1=" " ind2="4">
    <subfield code="a">Nueva York (Estados Unidos)</subfield>
    <subfield code="x"> Vida social y costumbres</subfield>
    <subfield code="v"> Cuentos.</subfield>
    <subfield code="9">316</subfield>
  </datafield>
  <datafield tag="700" ind1="1" ind2=" ">
    <subfield code="a">Cardozo Tovar, C&#x161;ar Alberto, </subfield>
    <subfield code="e">editor.</subfield>
    <subfield code="9">318</subfield>
  </datafield>
  <datafield tag="700" ind1="1" ind2=" ">
    <subfield code="a">Escobar, Felipe, </subfield>
    <subfield code="e">traductor.</subfield>
    <subfield code="9">317</subfield>
  </datafield>
  <datafield tag="942" ind1=" " ind2=" ">
    <subfield code="2">ddc</subfield>
    <subfield code="c">BK</subfield>
  </datafield>
  <datafield tag="999" ind1=" " ind2=" ">
    <subfield code="c">37210</subfield>
    <subfield code="d">37210</subfield>
  </datafield>
  <datafield tag="952" ind1=" " ind2=" ">
    <subfield code="0">0</subfield>
    <subfield code="1">0</subfield>
    <subfield code="2">ddc</subfield>
    <subfield code="4">0</subfield>
    <subfield code="7">0</subfield>
    <subfield code="8">003</subfield>
    <subfield code="a">MEVIECAR</subfield>
    <subfield code="b">MEVIECAR</subfield>
    <subfield code="d">2020-03-18</subfield>
    <subfield code="l">0</subfield>
    <subfield code="o">813.4 O43r </subfield>
    <subfield code="p">32179</subfield>
    <subfield code="r">2020-03-18 00:00:00</subfield>
    <subfield code="w">2020-03-18</subfield>
    <subfield code="y">BK</subfield>
  </datafield>
  <datafield tag="952" ind1=" " ind2=" ">
    <subfield code="0">0</subfield>
    <subfield code="1">0</subfield>
    <subfield code="2">ddc</subfield>
    <subfield code="4">0</subfield>
    <subfield code="7">0</subfield>
    <subfield code="8">003</subfield>
    <subfield code="a">MEVIECAR</subfield>
    <subfield code="b">MEVIECAR</subfield>
    <subfield code="d">2020-03-18</subfield>
    <subfield code="l">0</subfield>
    <subfield code="o">813.4 O43r </subfield>
    <subfield code="p">32180</subfield>
    <subfield code="r">2020-03-18 00:00:00</subfield>
    <subfield code="w">2020-03-18</subfield>
    <subfield code="y">BK</subfield>
  </datafield>
</record>
